| 000 | 01949cam a2200349 i 4500 | ||
|---|---|---|---|
| 999 |
_c3343 _d3343 |
||
| 001 | 18143888 | ||
| 003 | OSt | ||
| 005 | 20231120085930.0 | ||
| 008 | 140508s2014 nyu 000 1 eng | ||
| 010 | _a 2014009050 | ||
| 020 | _a9780425265093 (softcover) | ||
| 040 |
_aDLC _beng _cDLC _erda _dDLC _dKH8 |
||
| 042 | _apcc | ||
| 043 | _anwbf--- | ||
| 082 | _aFIC FUR | ||
| 100 | 1 |
_aFurnivall, Kate, _eauthor. |
|
| 245 | 1 | 4 |
_aThe far side of the sun / _cKate Furnivall. |
| 250 | _aBerkley Trade paperback edition. | ||
| 264 | 1 |
_aNew York : _bBerkley Books, _c2014. |
|
| 300 |
_a390 pages ; _c22 cm |
||
| 336 |
_atext _2rdacontent |
||
| 337 |
_aunmediated _2rdamedia |
||
| 338 |
_avolume _2rdacarrier |
||
| 520 |
_a"The Bahamas, 1943. Hoping to escape her turbulent past, twenty-three-year-old Dodie Wyatt has fled to Nassau. But the world is at war, and one night the peaceful life she has created for herself is shattered when she discovers a man dying in an alleyway . . . Ella Stanford is married to a powerful diplomat who's been appointed to keep the Duke of Windsor far from his Nazi friends in Germany. And in this city now teeming with danger, Ella has her own secrets--ones that threaten to tear apart her safe and ordered life . . . When Ella's world collides with Dodie's, they find themselves caught in the spiral of violence and greed ripping through Nassau. But Dodie falls deeply in love with a mysterious American stranger on the island, and together they fight to uncover the truth behind the bloodshed while struggling to keep each other alive in this perilous new world . . . "-- _cProvided by publisher. |
||
| 650 | 0 |
_aWomen _vFiction. |
|
| 650 | 0 |
_aDiplomats' spouses _vFiction. |
|
| 650 | 0 |
_aWorld War, 1939-1945 _zBahamas _zNassau _vFiction. |
|
| 650 | 7 |
_aFICTION / General. _2bisacsh |
|
| 651 | 0 |
_aBahamas _zNassau _xSocial life and customs _y20th century _vFiction. |
|
| 655 | 7 |
_aLove stories. _2gsafd |
|
| 942 |
_2ddc _cFIC |
||